<?xml version='1.0' encoding='UTF-8'?>
  <record xmlns="http://www.loc.gov/MARC21/slim">
    <leader>00000cam a2200000 a 4500</leader>
    <controlfield tag="001">ocm44390100</controlfield>
    <controlfield tag="003">OCoLC</controlfield>
    <controlfield tag="005">20240210061653.1</controlfield>
    <controlfield tag="008">000612s1882    gw       b    000 0bger d</controlfield>
    <datafield tag="040" ind1=" " ind2=" ">
      <subfield code="a">IND</subfield>
      <subfield code="b">eng</subfield>
      <subfield code="c">IND</subfield>
      <subfield code="d">OCLCG</subfield>
      <subfield code="d">GEBAY</subfield>
      <subfield code="d">UKMGB</subfield>
      <subfield code="d">OCLCF</subfield>
      <subfield code="d">DEBBG</subfield>
      <subfield code="d">OCLCO</subfield>
      <subfield code="d">OCLCQ</subfield>
      <subfield code="d">OCL</subfield>
      <subfield code="d">OCLCO</subfield>
      <subfield code="d">OCLCQ</subfield>
      <subfield code="d">OCLCL</subfield>
    </datafield>
    <datafield tag="016" ind1="7" ind2=" ">
      <subfield code="a">001982364</subfield>
      <subfield code="2">Uk</subfield>
    </datafield>
    <datafield tag="029" ind1="1" ind2=" ">
      <subfield code="a">DEBBG</subfield>
      <subfield code="b">BV007072465</subfield>
    </datafield>
    <datafield tag="029" ind1="1" ind2=" ">
      <subfield code="a">DEBSZ</subfield>
      <subfield code="b">287168077</subfield>
    </datafield>
    <datafield tag="029" ind1="1" ind2=" ">
      <subfield code="a">GEBAY</subfield>
      <subfield code="b">8014890</subfield>
    </datafield>
    <datafield tag="029" ind1="1" ind2=" ">
      <subfield code="a">NLGGC</subfield>
      <subfield code="b">108847802</subfield>
    </datafield>
    <datafield tag="035" ind1=" " ind2=" ">
      <subfield code="a">(OCoLC)44390100</subfield>
    </datafield>
    <datafield tag="050" ind1=" " ind2="4">
      <subfield code="a">BX4700.P44</subfield>
      <subfield code="b">K45 1882</subfield>
    </datafield>
    <datafield tag="084" ind1=" " ind2=" ">
      <subfield code="a">BO 4660</subfield>
      <subfield code="2">rvk</subfield>
    </datafield>
    <datafield tag="100" ind1="1" ind2=" ">
      <subfield code="a">Kleinermanns, Joseph.</subfield>
    </datafield>
    <datafield tag="245" ind1="1" ind2="4">
      <subfield code="a">Der heil. Petrus Damiani :</subfield>
      <subfield code="b">Mönch, Bischof, Cardinal, Kirchenlehrer : in seinem Leben und Wirken nach den Quellen dargestellt /</subfield>
      <subfield code="c">von Joseph Kleinermanns.</subfield>
    </datafield>
    <datafield tag="260" ind1=" " ind2=" ">
      <subfield code="a">Steyl :</subfield>
      <subfield code="b">Verl. der Missionsdruckerei,</subfield>
      <subfield code="c">1882.</subfield>
    </datafield>
    <datafield tag="300" ind1=" " ind2=" ">
      <subfield code="a">xxi, 237 pages ;</subfield>
      <subfield code="c">24 cm</subfield>
    </datafield>
    <datafield tag="336" ind1=" " ind2=" ">
      <subfield code="a">text</subfield>
      <subfield code="b">txt</subfield>
      <subfield code="2">rdacontent</subfield>
    </datafield>
    <datafield tag="337" ind1=" " ind2=" ">
      <subfield code="a">unmediated</subfield>
      <subfield code="b">n</subfield>
      <subfield code="2">rdamedia</subfield>
    </datafield>
    <datafield tag="338" ind1=" " ind2=" ">
      <subfield code="a">volume</subfield>
      <subfield code="b">nc</subfield>
      <subfield code="2">rdacarrier</subfield>
    </datafield>
    <datafield tag="504" ind1=" " ind2=" ">
      <subfield code="a">Includes bibliographical references.</subfield>
    </datafield>
    <datafield tag="600" ind1="0" ind2="0">
      <subfield code="a">Peter Damian,</subfield>
      <subfield code="c">Saint,</subfield>
      <subfield code="d">1007?-1072.</subfield>
    </datafield>
    <datafield tag="650" ind1=" " ind2="0">
      <subfield code="a">Church history</subfield>
      <subfield code="y">Middle Ages, 600-1500.</subfield>
    </datafield>
    <datafield tag="650" ind1=" " ind2="6">
      <subfield code="a">Église</subfield>
      <subfield code="x">Histoire</subfield>
      <subfield code="y">600-1500 (Moyen Âge)</subfield>
    </datafield>
    <datafield tag="600" ind1="0" ind2="7">
      <subfield code="a">Peter Damian,</subfield>
      <subfield code="c">Saint,</subfield>
      <subfield code="d">1007?-1072.</subfield>
      <subfield code="2">fast</subfield>
      <subfield code="0">(OCoLC)fst00019860</subfield>
      <subfield code="1">https://id.oclc.org/worldcat/entity/E39PBJycKHkKpyvPHgmyYW83cP</subfield>
    </datafield>
    <datafield tag="650" ind1=" " ind2="7">
      <subfield code="a">Church history</subfield>
      <subfield code="x">Middle Ages.</subfield>
      <subfield code="2">fast</subfield>
      <subfield code="0">(OCoLC)fst01710943</subfield>
    </datafield>
    <datafield tag="648" ind1=" " ind2="7">
      <subfield code="a">600-1500</subfield>
      <subfield code="2">fast</subfield>
    </datafield>
    <datafield tag="600" ind1="0" ind2="7">
      <subfield code="a">Petrus</subfield>
      <subfield code="c">Kardinal, Heiliger</subfield>
      <subfield code="d">1007-1072</subfield>
      <subfield code="2">gnd</subfield>
    </datafield>
    <datafield tag="600" ind1="1" ind2="7">
      <subfield code="a">Petrus (Damiani)</subfield>
      <subfield code="2">swd</subfield>
    </datafield>
    <datafield tag="758" ind1=" " ind2=" ">
      <subfield code="i">has work:</subfield>
      <subfield code="a">Der heil. Petrus Damiani (Text)</subfield>
      <subfield code="1">https://id.oclc.org/worldcat/entity/E39PCFym4jY3b3fKh3xfJKbgqP</subfield>
      <subfield code="4">https://id.oclc.org/worldcat/ontology/hasWork</subfield>
    </datafield>
  </record>